000
00342nam a2200145Ia 4500
100
_a
Laue/I.K/ Stenger/I.H
942
_c
RB
654
_a
extrusion
245
_a
Extrusion dies : design engineering computation
260
_b
Hanser publishers
_a
Munich
_c
1984
082
_a
668.413
_b
MIC
300
_a
447
546
_a
ENGLISH
999
_c
25232
_d
25232